000 00784nam a2200241Ia 4500
003 GCL
008 140319s9999 xx 000 0 ara d
020 _a7089801977
040 _aGCL /
_cGCL
082 0 4 _a709.1
_bس ك
100 1 _aسعاد ماهر محمد
245 1 0 _aكتاب الفنون الاسلامية /
_cسعاد ماهر محمد
260 _aالقاهرة :
_bالهيئة المصرية العامة للكتاب ،
_c1986
300 _a495 ص ؛
_c25 سم
650 0 4 _aالعمارة الاسلامية
650 0 4 _aالاثار الاسلامية
650 0 4 _aالحضارة الاسلامية
650 0 4 _aالزخرفة
650 0 4 _aالتصوير
650 0 4 _aحفر الخشب
650 0 4 _aالفن الاسلامى
942 _2ddc
_cBK
999 _c57954
_d57954